Statistiques concernant Cinq pays les plus riches par continent

Cliquez ici pour prendre le quiz!

Statistiques générales

  • Ce quiz a été pris 13 427 fois
    (13 330 depuis la dernière actualisation)
  • Le résultat moyen est 15 sur 30

Statistiques - réponses

ContinentPIB/habitantPays% Correct
Amérique du Nord64 900 $États-Unis
95%
Amérique du Nord50 900 $Canada
92%
Amérique du Sud16 500 $Brésil
85%
Océanie54 600 $Australie
82%
Amérique du Sud20 400 $Argentine
80%
Océanie43 100 $Nouvelle-Zélande
74%
Amérique du Sud27 700 $Chili
71%
Europe196 000 $Monaco
71%
Europe112 000 $Luxembourg
66%
Amérique du Sud24 300 $Uruguay
61%
Asie135 000 $Qatar
58%
Asie78 200 $Émirats arabes unis
57%
Europe76 100 $Norvège
57%
Amérique du Sud16 200 $Suriname
56%
Europe129 000 $Liechtenstein
54%
Asie100 000 $Singapour
52%
Océanie10 400 $Fidji
47%
Amérique du Nord32 500 $Panama
44%
Asie75 200 $Koweït
39%
Asie83 900 $Brunei
32%
Europe84 400 $Irlande
32%
Afrique32 000 $Seychelles
30%
Océanie14 300 $Nauru
28%
Afrique24 900 $Île Maurice
27%
Océanie12 900 $Palaos
27%
Afrique18 900 $Gabon
19%
Amérique du Nord31 200 $Saint-Christophe-et-Niévès
19%
Amérique du Nord32 800 $Trinité-et-Tobago
18%
Afrique18 700 $Botswana
14%
Afrique21 400 $Guinée équatoriale
12%

Distribution des résultats

Percentile par nombre de réponses

% des personnes avec chaque résultat

Votre développement - résultats

Vous n’avez pas pris ce quiz depuis la dernière actualisation